Estadísticas para Ganador mundial en ruta de ciclismo

Haz click aquí para intentar la prueba.

Estadísticas generales

  • Esta prueba ha sido intentada 43 veces
  • La puntuación promedio es 10 de 16

Estadísticas de respuestas

AÑOPrimero% Correcto
2018Alejandro Valverde
94%
2015Peter Sagan
86%
2016Peter Sagan
86%
2017Peter Sagan
86%
2020Julian Alaphilippe
83%
2021Julian Alaphilippe
83%
2022Remco Evenepoel
81%
2019Mads Pedersen
69%
2011Mark Cavendish
61%
2013Rui Costa
58%
2014Michal Kwiatkowski
44%
2009Cadel Evans
42%
2012Philippe Gilbert
36%
2007Paolo Bettini
28%
2010Thor Hushovd
22%
2008Alessandro Ballan
17%

Distribución de puntuación

Porcentaje por número respondido

Porcentaje de gente con cada puntuación

Historial de tus puntuaciones

No has intentado esta prueba.